Leasehold enfranchisement law and practice (Record no. 115350)

MARC details
000 -LEADER
fixed length control field 01219cam a22002895a 4500
001 - CONTROL NUMBER
control field L158504
008 - FIXED-LENGTH DATA ELEMENTS--GENERAL INFORMATION
fixed length control field 150330s2014 xxk f 000 0 eng d
020 ## - INTERNATIONAL STANDARD BOOK NUMBER
International Standard Book Number 9780854900657
035 ## - SYSTEM CONTROL NUMBER
System control number (Sirsi) u158504
041 0# - LANGUAGE CODE
Language code of text/sound track or separate title eng
050 04 - LIBRARY OF CONGRESS CALL NUMBER
Classification number 346.4104346
100 1# - MAIN ENTRY--PERSONAL NAME
Personal name Harrison, Piers
245 00 - TITLE STATEMENT
Title Leasehold enfranchisement law and practice
260 ## - PUBLICATION, DISTRIBUTION, ETC.
Place of publication, distribution, etc. London, Wildy, Simmons & Hill Publishing, 2014
300 ## - PHYSICAL DESCRIPTION
Extent xxxiii, 340p, 23cm
520 ## - SUMMARY, ETC.
Summary, etc. Provides an indepth commentary on the law and practice relating to leasehold enfranchisement under the Leasehold Reform Act 1967 relating to houses and the Leasehold Reform (Housing and Urban Development) Act 1993 allowing collective enfranchisement of blocks of flats and an individual leaseholder's right to extend a lease. Includes a step by step guide on valuation methods for each procedure.
590 ## - LOCAL NOTE (RLIN)
Local note KA
600 14 - SUBJECT ADDED ENTRY--PERSONAL NAME
Personal name Lonsdale, David
650 24 - SUBJECT ADDED ENTRY--TOPICAL TERM
Topical term or geographic name entry element LEASEHOLD REFORM ACT 1967
650 24 - SUBJECT ADDED ENTRY--TOPICAL TERM
Topical term or geographic name entry element LEASEHOLD REFORM, HOUSING AND URBAN DEVELOPMENT ACT 1993
650 24 - SUBJECT ADDED ENTRY--TOPICAL TERM
Topical term or geographic name entry element COLLECTIVE ENFRANCHISMENT
650 24 - SUBJECT ADDED ENTRY--TOPICAL TERM
Topical term or geographic name entry element LEASE EXTENSION
651 #4 - SUBJECT ADDED ENTRY--GEOGRAPHIC NAME
Geographic name England and Wales
Chronological subdivision 1543-
690 ## - LOCAL SUBJECT ADDED ENTRY--TOPICAL TERM (OCLC, RLIN)
Topical term or geographic name as entry element Landlord and tenant
9 (RLIN) 6252
700 1# - ADDED ENTRY--PERSONAL NAME
Personal name Londsdale, David
942 ## - ADDED ENTRY ELEMENTS (KOHA)
Suppress in OPAC 0
Holdings
Withdrawn status Lost status Source of classification or shelving scheme Damaged status Not for loan Home library Current library Shelving location Date acquired Total Checkouts Full call number Barcode Date last seen Copy number Price effective from Koha item type
    Dewey Decimal Classification     London London Books 30/03/2015   346.4104346 HAR 30075283 06/08/2019 1 06/08/2019 Book